Business information systems / (Record no. 7181)
[ view plain ]
| 000 -LEADER | |
|---|---|
| fixed length control field | 00699cac a22002291u 4500 |
| 090 ## - LOCALLY ASSIGNED LC-TYPE CALL NUMBER (OCLC); LOCAL CALL NUMBER (OCLC) | |
| -- | 7181 |
| 008 - FIXED-LENGTH DATA ELEMENTS--GENERAL INFORMATION | |
| fixed length control field | 090108t xxu||||| |||| 00| 0 eng d |
| 010 ## - LIBRARY OF CONGRESS CONTROL NUMBER | |
| LC control number | 93043365 |
| 020 ## - INTERNATIONAL STANDARD BOOK NUMBER | |
| International Standard Book Number | 0131079700 |
| 082 00 - DEWEY DECIMAL CLASSIFICATION NUMBER | |
| Classification number | 658.05 |
| Item number | CLI |
| 245 10 - TITLE STATEMENT | |
| Title | Business information systems / |
| Statement of responsibility, etc | H.D. Clifton & A.G. Sutcliffe. |
| 250 ## - EDITION STATEMENT | |
| Edition statement | 5th ed. |
| 260 ## - PUBLICATION, DISTRIBUTION, ETC. (IMPRINT) | |
| Place of publication, distribution, etc | New York : |
| Name of publisher, distributor, etc | Prentice Hall, |
| Date of publication, distribution, etc | c1994. |
| 260 ## - PUBLICATION, DISTRIBUTION, ETC. (IMPRINT) | |
| Name of publisher, distributor, etc | Distributer: Al-Ahram |
| 300 ## - PHYSICAL DESCRIPTION | |
| Extent | x, 516 p. : |
| Other physical details | ill. ; |
| Dimensions | 24 cm. |
| 500 ## - GENERAL NOTE | |
| General note | Rev. ed. of: Business data systems. 1990. |
| 500 ## - GENERAL NOTE | |
| General note | Includes index. |
| 650 #0 - SUBJECT ADDED ENTRY--TOPICAL TERM | |
| Topical term or geographic name as entry element | Business |
| General subdivision | Data processing. |
| 650 #0 - SUBJECT ADDED ENTRY--TOPICAL TERM | |
| Topical term or geographic name as entry element | Systems analysis. |
| 700 1# - ADDED ENTRY--PERSONAL NAME | |
| Personal name | Sutcliffe, Alistair, |
| Dates associated with a name | 1951- |
| 9 (RLIN) | 35126 |
| 942 ## - ADDED ENTRY ELEMENTS (KOHA) | |
| Item type | NB - Book (Non borrowing) |
| Call number prefix | 658.05CLI |
| Source of classification or shelving scheme | Dewey Decimal Classification |
| Withdrawn status | Item status | Source of classification or shelving scheme | Damaged status | Not for loan | Home library | Current library | Shelving location | Date acquired | Source of acquisition | Total Checkouts | Full call number | Barcode | Date last seen | Date last borrowed | Koha item type | Total Renewals |
|---|---|---|---|---|---|---|---|---|---|---|---|---|---|---|---|---|
| Dewey Decimal Classification | Central Library | Central Library | First floor | 08/01/2014 | Purchase | 1 | 658.05 CLI | 000008255 | 15/07/2025 | 10/02/2013 | NB - Book (Non borrowing) | |||||
| Dewey Decimal Classification | Central Library | Central Library | First floor | 08/01/2009 | Purchase | 2 | 658.05 CLI | 000007113 | 15/07/2025 | 18/11/2019 | Book - Borrowing | 3 |